[Event "Open Internacional Sant Marti 2023"]
[Site "?"]
[Date "2023.07.21"]
[Round "9.2"]
[White "Kaustuv, Kundu"]
[Black "Macovei, Andrei"]
[Result "1/2-1/2"]
[BlackElo "2436"]
[WhiteElo "2266"]
[LiveChessVersion "1.4.8"]

1. Nf3 {[%clk 1:30:57]} Nf6 {[%clk 1:30:16]} 2. c4 {[%clk 1:31:17]} e6
{[%clk 1:30:43]} 3. g3 {[%clk 1:29:32]} d5 {[%clk 1:29:12]} 4. Bg2
{[%clk 1:29:57]} Be7 {[%clk 1:29:24]} 5. O-O {[%clk 1:30:20]} O-O
{[%clk 1:29:50]} 6. b3 {[%clk 1:30:47]} b6 {[%clk 1:28:46]} 7. Bb2
{[%clk 1:31:04]} Bb7 {[%clk 1:29:12]} 8. e3 {[%clk 1:30:41]} c5 {[%clk 1:29:04]}
9. Nc3 {[%clk 1:31:02]} Qc8 {[%clk 1:29:23]} 10. Rc1 {[%clk 1:23:15]} Rd8
{[%clk 1:29:20]} 11. cxd5 {[%clk 1:22:10]} Nxd5 {[%clk 1:29:41]} 12. Nxd5
{[%clk 1:22:32]} Bxd5 {[%clk 1:30:00]} 13. Re1 {[%clk 1:22:50]} Nd7
{[%clk 1:15:54]} 14. d4 {[%clk 1:16:14]} Nf6 {[%clk 1:15:11]} 15. Qe2
{[%clk 1:10:58]} a5 {[%clk 1:08:01]} 16. dxc5 {[%clk 1:08:53]} bxc5
{[%clk 1:08:22]} 17. Bxf6 {[%clk 1:08:10]} Bxf6 {[%clk 1:08:35]} 18. e4
{[%clk 1:08:27]} Bb7 {[%clk 1:08:47]} 19. e5 {[%clk 1:03:29]} Be7
{[%clk 1:09:12]} 20. Nd2 {[%clk 1:02:19]} Bxg2 {[%clk 1:05:56]} 21. Kxg2
{[%clk 1:02:43]} a4 {[%clk 1:06:18]} 22. Ne4 {[%clk 1:00:23]} axb3
{[%clk 1:06:12]} 23. axb3 {[%clk 1:00:47]} Rb8 {[%clk 0:54:31]} 24. Red1
{[%clk 0:41:27]} Qb7 {[%clk 0:46:48]} 25. Rxd8+ {[%clk 0:41:09]} Rxd8
{[%clk 0:47:15]} 26. Qf3 {[%clk 0:37:30]} Qd5 {[%clk 0:47:21]} 27. Nd6
{[%clk 0:37:54]} Qxf3+ {[%clk 0:41:46]} 28. Kxf3 {[%clk 0:38:18]} Bxd6
{[%clk 0:42:14]} 29. exd6 {[%clk 0:38:41]} Rxd6 {[%clk 0:42:40]} 30. Rxc5
{[%clk 0:39:06]} Kf8 {[%clk 0:43:07]} 31. Ke3 {[%clk 0:38:38]} Rb6
{[%clk 0:41:12]} 1/2-1/2

[Event "Open Internacional Sant Marti 2023"]
[Site "?"]
[Date "2023.07.21"]
[Round "9.3"]
[White "Narciso Dublan, Marc"]
[Black "Arenas, David"]
[Result "1/2-1/2"]
[BlackElo "2418"]
[WhiteElo "2424"]
[LiveChessVersion "1.4.8"]

1. e4 {[%clk 1:30:50]} c5 {[%clk 1:30:09]} 2. Nc3 {[%clk 1:31:00]} g6
{[%clk 1:30:35]} 3. g3 {[%clk 1:31:03]} Nc6 {[%clk 1:30:53]} 4. Bg2
{[%clk 1:31:22]} Bg7 {[%clk 1:31:16]} 5. d3 {[%clk 1:31:39]} d6 {[%clk 1:31:34]}
6. Be3 {[%clk 1:31:46]} e5 {[%clk 1:31:57]} 7. f4 {[%clk 1:31:49]} Nge7
{[%clk 1:30:39]} 8. Nf3 Nd4 {[%clk 1:20:35]} 9. O-O {[%clk 1:31:57]} O-O
{[%clk 1:15:30]} 10. Qd2 {[%clk 1:32:11]} exf4 {[%clk 1:15:45]} 11. Bxf4
{[%clk 1:32:18]} Be6 12. Bh6 Nxf3+ {[%clk 1:04:52]} 13. Bxf3 {[%clk 1:24:59]} Nc6
{[%clk 1:04:11]} 1/2-1/2

[Event "Open Internacional Sant Marti 2023"]
[Site "?"]
[Date "2023.07.21"]
[Round "9.4"]
[White "Subhayan, Kundu"]
[Black "Marin Posada, Sebastian"]
[Result "0-1"]
[BlackElo "2265"]
[WhiteElo "2326"]
[LiveChessVersion "1.4.8"]

1. e4 {[%clk 1:30:40]} e5 {[%clk 1:30:43]} 2. Nf3 {[%clk 1:30:41]} Nc6
{[%clk 1:31:02]} 3. Bc4 {[%clk 1:30:33]} Bc5 {[%clk 1:31:24]} 4. c3
{[%clk 1:30:42]} Nf6 {[%clk 1:31:34]} 5. d3 {[%clk 1:31:06]} d6 {[%clk 1:31:29]}
6. Nbd2 {[%clk 1:31:00]} a5 {[%clk 1:30:34]} 7. h3 {[%clk 1:30:09]} O-O 8. O-O
Ba7 {[%clk 1:28:59]} 9. Re1 {[%clk 1:28:56]} Ne7 {[%clk 1:28:52]} 10. Nf1
{[%clk 1:28:17]} Ng6 {[%clk 1:28:07]} 11. Ng3 c6 {[%clk 1:25:14]} 12. Bb3
{[%clk 1:25:56]} d5 {[%clk 1:22:46]} 13. Bg5 {[%clk 1:24:06]} h6 14. Bxf6
{[%clk 1:23:52]} Qxf6 {[%clk 1:23:02]} 15. exd5 {[%clk 1:23:55]} a4
{[%clk 1:23:13]} 16. Bxa4 {[%clk 1:20:53]} cxd5 {[%clk 1:23:40]} 17. Bb3
{[%clk 1:19:35]} Rd8 18. Nh5 Qd6 {[%clk 1:13:59]} 19. Qe2 {[%clk 1:04:13]} Bb8
{[%clk 0:58:52]} 20. c4 {[%clk 0:47:49]} d4 {[%clk 0:46:50]} 21. c5
{[%clk 0:43:22]} Qf8 22. Rac1 Kh7 {[%clk 0:42:00]} 23. c6 {[%clk 0:40:50]} bxc6
24. Ng3 {[%clk 0:29:02]} f5 {[%clk 0:33:25]} 25. Ng5+ {[%clk 0:29:18]} Kh8
{[%clk 0:32:00]} 26. Nf7+ {[%clk 0:25:57]} Kh7 27. Ng5+ {[%clk 0:23:29]} Kh8
{[%clk 0:32:51]} 28. Nf7+ {[%clk 0:23:56]} Kh7 {[%clk 0:32:55]} 29. Nxd8
{[%clk 0:24:22]} Qxd8 {[%clk 0:33:09]} 30. Qf3 {[%clk 0:23:12]} e4
{[%clk 0:29:51]} 31. dxe4 {[%clk 0:22:24]} Ne5 {[%clk 0:29:49]} 32. Qd1
{[%clk 0:20:20]} f4 {[%clk 0:27:25]} 33. Nf5 {[%clk 0:13:50]} d3 34. Qd2 g6
{[%clk 0:17:52]} 35. Nxh6 {[%clk 0:14:13]} Kxh6 {[%clk 0:18:09]} 36. Qxf4+
{[%clk 0:14:39]} g5 {[%clk 0:18:23]} 37. Qd2 {[%clk 0:14:30]} Bxh3
{[%clk 0:10:48]} 38. Re3 Bc8 {[%clk 0:06:45]} 39. Rg3 {[%clk 0:14:54]} Qf6
{[%clk 0:05:56]} 40. Rf1 {[%clk 0:15:01]} Qf4 {[%clk 0:04:54]} 41. Qxf4
{[%clk 0:15:27]} gxf4 {[%clk 0:05:20]} 42. Rg8 {[%clk 0:15:55]} Bd6
{[%clk 0:04:27]} 43. g3 {[%clk 0:12:02]} f3 {[%clk 0:04:04]} 44. Rd8
{[%clk 0:08:57]} Bc5 45. Rc1 {[%clk 0:07:57]} Bb6 {[%clk 0:03:54]} 46. Re8
{[%clk 0:08:16]} Bd4 {[%clk 0:04:04]} 47. Rd8 Bxb2 {[%clk 0:02:21]} 48. Rb1
{[%clk 0:07:23]} Bc3 49. Be6 {[%clk 0:05:37]} Bxe6 {[%clk 0:01:23]} 50. Rxa8
{[%clk 0:06:03]} d2 {[%clk 0:01:47]} 51. Rd1 Bc4 {[%clk 0:00:48]} 52. Rd8
{[%clk 0:05:44]} Bd3 {[%clk 0:00:59]} 53. a4 {[%clk 0:05:24]} Kg7 54. Re8 Nc4
{[%clk 0:01:01]} 55. Re6 {[%clk 0:03:52]} Be2 {[%clk 0:00:40]} 56. Rxd2
{[%clk 0:04:16]} Nxd2 {[%clk 0:00:48]} 57. Rxc6 {[%clk 0:04:38]} Nxe4
{[%clk 0:00:45]} 58. Re6 Nc5 59. Re7+ {[%clk 0:04:56]} Kf6 {[%clk 0:01:09]} 60.
Ra7 {[%clk 0:05:20]} Bd4 {[%clk 0:01:06]} 0-1

[Event "Open Internacional Sant Marti 2023"]
[Site "?"]
[Date "2023.07.21"]
[Round "9.5"]
[White "Shyaamnikhil, P"]
[Black "Chirivi C, Jenny Astrid"]
[Result "1-0"]
[BlackElo "2166"]
[WhiteElo "2473"]
[LiveChessVersion "1.4.8"]

1. Nf3 {[%clk 1:30:37]} Nf6 {[%clk 1:30:22]} 2. g3 {[%clk 1:29:59]} b5 3. Bg2 Bb7
{[%clk 1:29:51]} 4. O-O {[%clk 1:28:37]} e6 {[%clk 1:29:33]} 5. d3 c5
{[%clk 1:27:47]} 6. e4 {[%clk 1:26:04]} d6 {[%clk 1:21:50]} 7. Re1
{[%clk 1:13:52]} Nbd7 {[%clk 1:16:44]} 8. Nbd2 {[%clk 1:10:12]} Be7
{[%clk 1:15:34]} 9. h3 {[%clk 1:09:46]} O-O 10. Nh2 {[%clk 1:09:46]} Qc7
{[%clk 1:11:50]} 11. f4 {[%clk 1:02:55]} Nb6 {[%clk 0:52:41]} 12. Ndf3 c4 13. g4
{[%clk 0:55:15]} cxd3 {[%clk 0:48:45]} 14. cxd3 {[%clk 0:52:33]} Rfc8
{[%clk 0:47:29]} 15. Re2 a5 16. g5 {[%clk 0:51:13]} Nfd7 {[%clk 0:33:57]} 17. d4
b4 18. Ng4 {[%clk 0:48:43]} Bf8 {[%clk 0:25:55]} 19. h4 {[%clk 0:45:01]} a4
{[%clk 0:17:45]} 20. h5 {[%clk 0:45:08]} Ba6 {[%clk 0:17:42]} 21. Rf2
{[%clk 0:37:03]} Bc4 {[%clk 0:16:13]} 22. Be3 {[%clk 0:35:27]} Qb7
{[%clk 0:11:19]} 23. Nh4 {[%clk 0:35:09]} b3 {[%clk 0:09:47]} 24. a3
{[%clk 0:34:24]} Rc7 {[%clk 0:08:17]} 25. f5 {[%clk 0:32:12]} exf5
{[%clk 0:06:44]} 26. Nxf5 {[%clk 0:31:39]} Be6 27. Bf4 {[%clk 0:32:00]} Bxf5
{[%clk 0:06:05]} 28. exf5 {[%clk 0:31:38]} Nd5 {[%clk 0:05:35]} 29. Qf3
{[%clk 0:21:34]} N7b6 {[%clk 0:05:06]} 30. h6 {[%clk 0:21:11]} Qc8 31. hxg7
{[%clk 0:21:31]} Bxg7 {[%clk 0:05:24]} 32. f6 Bf8 {[%clk 0:04:41]} 33. Bh3
{[%clk 0:21:34]} Qe8 34. Bf1 {[%clk 0:19:31]} Nxf4 {[%clk 0:01:46]} 35. Qxf4 Qe6
{[%clk 0:00:59]} 36. Bd3 {[%clk 0:14:35]} Rc2 37. Bxc2 {[%clk 0:09:45]} bxc2
{[%clk 0:01:25]} 38. Rxc2 {[%clk 0:08:45]} Ra5 39. Rg2 {[%clk 0:09:08]} Rf5
{[%clk 0:00:36]} 40. Nh6+ {[%clk 0:09:34]} Bxh6 {[%clk 0:00:39]} 41. gxh6+
{[%clk 0:09:45]} Kf8 {[%clk 0:00:53]} 42. Qg3 Qxf6 43. Qg8+ {[%clk 0:09:47]} Ke7
{[%clk 0:01:16]} 44. Re1+ {[%clk 0:10:36]} Kd7 {[%clk 0:01:30]} 45. Qe8+ 1-0

[Event "Open Internacional Sant Marti 2023"]
[Site "?"]
[Date "2023.07.21"]
[Round "9.6"]
[White "Deshmukh, Anup"]
[Black "Berdayes Ason, Dylan Isidro"]
[Result "0-1"]
[BlackElo "2509"]
[WhiteElo "2121"]
[LiveChessVersion "1.4.8"]

1. c4 e5 2. Nc3 Nf6 3. Nf3 Nc6 4. g3 d5 5. cxd5 Nxd5 6. Bg2 {[%clk 1:32:19]} Bc5
{[%clk 1:27:58]} 7. O-O {[%clk 1:32:14]} O-O {[%clk 1:28:03]} 8. d3
{[%clk 1:20:57]} h6 {[%clk 1:25:24]} 9. a3 {[%clk 1:18:53]} a5 10. Bd2 Nf6
{[%clk 1:25:32]} 11. Rc1 {[%clk 1:18:42]} Re8 {[%clk 1:24:54]} 12. Na4
{[%clk 1:14:09]} Bf8 {[%clk 1:17:51]} 13. Nc5 {[%clk 1:07:35]} Ra7
{[%clk 1:02:45]} 14. Qa4 Nd4 {[%clk 1:03:13]} 15. Nxd4 {[%clk 1:04:54]} exd4 16.
e3 Bxc5 {[%clk 0:49:34]} 17. Rxc5 {[%clk 0:57:25]} b6 18. Rcc1 {[%clk 0:48:20]}
dxe3 {[%clk 0:48:35]} 19. Bxe3 {[%clk 0:38:37]} Bb7 {[%clk 0:44:40]} 20. Bd4
{[%clk 0:37:21]} Nd5 {[%clk 0:41:59]} 21. Rfe1 Rxe1+ {[%clk 0:42:28]} 22. Rxe1
{[%clk 0:37:40]} Ra8 {[%clk 0:34:49]} 23. h4 {[%clk 0:37:07]} c5 {[%clk 0:28:33]}
24. Be5 {[%clk 0:22:29]} f6 {[%clk 0:24:09]} 25. Qc4 Qd7 26. Bc3 {[%clk 0:18:23]}
Rd8 {[%clk 0:20:24]} 27. d4 {[%clk 0:15:30]} cxd4 {[%clk 0:20:51]} 28. Bxd4
{[%clk 0:15:22]} Qg4 {[%clk 0:20:46]} 29. Kh2 {[%clk 0:10:27]} Kh8
{[%clk 0:18:07]} 30. Re4 {[%clk 0:10:27]} Qf5 {[%clk 0:09:56]} 31. Qe2
{[%clk 0:09:01]} Qg6 {[%clk 0:09:09]} 32. h5 {[%clk 0:04:30]} Qf7
{[%clk 0:06:55]} 33. Qg4 {[%clk 0:03:45]} Nc7 {[%clk 0:04:01]} 34. Bxb6 Bxe4
{[%clk 0:04:22]} 35. Bxe4 {[%clk 0:03:52]} f5 {[%clk 0:02:01]} 36. Bxf5
{[%clk 0:01:43]} Rf8 {[%clk 0:00:46]} 37. Bg6 Qe6 {[%clk 0:01:15]} 38. Qxe6
{[%clk 0:01:38]} Nxe6 {[%clk 0:00:42]} 39. Kg2 Rb8 {[%clk 0:01:10]} 40. Bxa5
{[%clk 0:01:33]} Rxb2 41. Bb4 {[%clk 0:01:10]} Nc7 {[%clk 0:00:57]} 42. Kf3 Nb5
{[%clk 0:00:37]} 43. Bf7 {[%clk 0:01:22]} Nd4+ {[%clk 0:00:43]} 44. Ke4
{[%clk 0:01:20]} Nc2 {[%clk 0:00:46]} 45. Bc5 {[%clk 0:01:02]} Rb5
{[%clk 0:00:43]} 46. Kd5 Ra5 {[%clk 0:00:56]} 47. Kc6 {[%clk 0:00:50]} Nxa3
{[%clk 0:01:05]} 48. f4 {[%clk 0:01:16]} Nc2 {[%clk 0:01:18]} 49. Bg6 Ne1
{[%clk 0:01:37]} 50. Bb4 {[%clk 0:01:19]} Ra1 {[%clk 0:01:49]} 51. g4
{[%clk 0:01:21]} Ng2 {[%clk 0:01:23]} 52. Bd6 {[%clk 0:01:00]} Rf1
{[%clk 0:01:21]} 53. f5 {[%clk 0:00:40]} Ne3 {[%clk 0:01:34]} 54. Kd7
{[%clk 0:01:01]} Nxg4 {[%clk 0:00:40]} 55. Ke6 {[%clk 0:01:16]} Re1+
{[%clk 0:00:35]} 56. Kf7 {[%clk 0:01:11]} Ra1 57. Bc5 {[%clk 0:01:24]} Ne5+
{[%clk 0:00:39]} 58. Ke6 {[%clk 0:01:12]} Re1 {[%clk 0:00:35]} 59. Kd5
{[%clk 0:01:18]} Kg8 {[%clk 0:00:35]} 60. Be8 {[%clk 0:01:23]} Nd3
{[%clk 0:00:41]} 61. Bg6 {[%clk 0:01:50]} Nxc5 {[%clk 0:00:57]} 62. Kxc5 Rd1 0-1

[Event "Open Internacional Sant Marti 2023"]
[Site "?"]
[Date "2023.07.21"]
[Round "9.7"]
[White "Jimenez Garcia, Emmanuel"]
[Black "Md, Bashiq Imrose"]
[Result "1/2-1/2"]
[BlackElo "1771"]
[WhiteElo "2437"]
[LiveChessVersion "1.4.8"]

1. Nf3 {[%clk 1:30:56]} d5 {[%clk 1:30:17]} 2. g3 {[%clk 1:31:24]} Bg4
{[%clk 1:30:12]} 3. Bg2 {[%clk 1:31:41]} Nd7 {[%clk 1:30:00]} 4. h3
{[%clk 1:32:05]} Bxf3 {[%clk 1:30:08]} 5. Bxf3 {[%clk 1:32:33]} c6
{[%clk 1:30:31]} 6. d3 {[%clk 1:32:30]} Ngf6 {[%clk 1:30:34]} 7. Nd2
{[%clk 1:32:05]} e5 {[%clk 1:30:04]} 8. O-O {[%clk 1:30:30]} Be7 {[%clk 1:28:55]}
9. e4 {[%clk 1:28:20]} dxe4 {[%clk 1:29:03]} 10. dxe4 {[%clk 1:28:31]} O-O
{[%clk 1:29:20]} 11. Qe2 {[%clk 1:26:51]} Qc7 {[%clk 1:29:26]} 12. a4
{[%clk 1:26:14]} Nc5 {[%clk 1:27:58]} 13. Nc4 {[%clk 1:24:52]} Rfd8
{[%clk 1:12:46]} 14. a5 {[%clk 1:21:23]} b5 {[%clk 1:09:33]} 15. axb6
{[%clk 1:18:15]} axb6 {[%clk 1:09:54]} 16. Bd2 {[%clk 1:13:21]} Ne6
{[%clk 1:06:24]} 17. Rxa8 {[%clk 1:12:18]} Rxa8 {[%clk 1:06:48]} 18. Bc3
{[%clk 1:12:40]} Nd7 {[%clk 1:06:24]} 19. Bg4 {[%clk 1:12:47]} b5
{[%clk 1:06:13]} 20. Bxe6 {[%clk 1:08:14]} fxe6 21. Ne3 {[%clk 1:06:49]} Bc5
{[%clk 0:45:11]} 22. Rd1 {[%clk 1:04:40]} Qa7 {[%clk 0:42:42]} 23. Ng4
{[%clk 1:02:13]} Rf8 {[%clk 0:41:32]} 24. b4 {[%clk 0:58:36]} Bb6
{[%clk 0:40:40]} 25. Be1 {[%clk 0:49:09]} Nf6 {[%clk 0:38:49]} 26. Nh2 Qf7
{[%clk 0:35:30]} 27. Kg2 {[%clk 0:41:34]} Qg6 {[%clk 0:35:46]} 28. f3
{[%clk 0:40:44]} Qf7 {[%clk 0:30:31]} 29. c4 {[%clk 0:39:32]} Qe8 30. Ra1
{[%clk 0:36:01]} Bd4 {[%clk 0:21:16]} 31. Ra6 {[%clk 0:36:02]} Qd7
{[%clk 0:16:55]} 32. Qa2 {[%clk 0:33:22]} bxc4 {[%clk 0:16:12]} 33. Qxc4
{[%clk 0:33:34]} Rc8 {[%clk 0:16:38]} 34. Ng4 {[%clk 0:29:35]} Nxg4
{[%clk 0:16:58]} 35. hxg4 {[%clk 0:30:01]} g5 {[%clk 0:14:10]} 36. Ra2
{[%clk 0:28:29]} h6 {[%clk 0:13:24]} 37. Rc2 {[%clk 0:28:35]} c5 {[%clk 0:11:03]}
38. Bf2 {[%clk 0:27:31]} Bxf2 {[%clk 0:06:17]} 39. Kxf2 {[%clk 0:28:00]} Rf8
{[%clk 0:06:20]} 40. bxc5 {[%clk 0:11:08]} Qd1 41. Qxe6+ {[%clk 0:05:48]} Kh7
{[%clk 0:06:01]} 42. Qe7+ {[%clk 0:05:41]} Kg8 {[%clk 0:06:27]} 43. Qe6+
{[%clk 0:04:22]} Kh7 {[%clk 0:06:43]} 44. Qe7+ {[%clk 0:04:02]} 1/2-1/2

[Event "Open Internacional Sant Marti 2023"]
[Site "?"]
[Date "2023.07.21"]
[Round "9.8"]
[White "Leslie, Alex"]
[Black "Alcala Gonzalez, Cesar"]
[Result "1-0"]
[BlackElo "2329"]
[WhiteElo "2088"]
[LiveChessVersion "1.4.8"]

1. d4 {[%clk 1:30:53]} d5 {[%clk 1:30:53]} 2. c4 {[%clk 1:31:18]} e6
{[%clk 1:31:21]} 3. Nc3 {[%clk 1:31:29]} Nf6 {[%clk 1:31:46]} 4. Nf3
{[%clk 1:31:48]} c6 {[%clk 1:32:11]} 5. e3 {[%clk 1:32:08]} Nbd7 {[%clk 1:31:54]}
6. Qc2 {[%clk 1:32:31]} Bd6 {[%clk 1:32:19]} 7. b3 O-O {[%clk 1:32:43]} 8. Be2
{[%clk 1:33:16]} b6 {[%clk 1:32:48]} 9. O-O {[%clk 1:33:28]} Bb7 {[%clk 1:33:16]}
10. Bb2 {[%clk 1:33:47]} Qe7 {[%clk 1:33:39]} 11. Rad1 {[%clk 1:34:14]} Rad8
{[%clk 1:33:30]} 12. Rfe1 c5 13. cxd5 {[%clk 1:33:17]} exd5 {[%clk 1:32:40]} 14.
Bf1 {[%clk 1:32:10]} Rfe8 {[%clk 1:32:24]} 15. g3 {[%clk 1:31:48]} Rc8
{[%clk 1:32:41]} 16. Bh3 c4 17. Nd2 {[%clk 1:20:28]} cxb3 {[%clk 1:31:48]} 18.
Qxb3 {[%clk 1:10:16]} a6 {[%clk 1:04:11]} 19. a4 {[%clk 0:54:52]} Bb4
{[%clk 1:00:52]} 20. Na2 {[%clk 0:49:57]} a5 {[%clk 0:49:56]} 21. Bf1 Bc6
{[%clk 0:49:44]} 22. Bc3 {[%clk 0:46:15]} Bd6 {[%clk 0:43:25]} 23. Bb2
{[%clk 0:35:33]} h5 {[%clk 0:39:24]} 24. Nc3 {[%clk 0:31:09]} Bb4
{[%clk 0:21:18]} 25. Na2 Ne4 {[%clk 0:21:28]} 26. Nxb4 {[%clk 0:30:49]} Nxd2 27.
Nxc6 {[%clk 0:23:41]} Nf3+ {[%clk 0:21:54]} 28. Kh1 Qe4 {[%clk 0:21:10]} 29. Bg2
{[%clk 0:23:24]} Rxc6 {[%clk 0:21:17]} 30. Rc1 {[%clk 0:21:37]} Rec8
{[%clk 0:16:51]} 31. Qd1 Rxc1 {[%clk 0:17:10]} 32. Bxc1 {[%clk 0:20:57]} Rxc1
{[%clk 0:17:37]} 33. Qxc1 {[%clk 0:20:56]} Qf5 {[%clk 0:18:02]} 34. Qc8+
{[%clk 0:16:31]} Kh7 {[%clk 0:15:49]} 35. Rc1 {[%clk 0:15:59]} h4 36. Qc2 Qxc2
{[%clk 0:12:56]} 37. Rxc2 {[%clk 0:16:24]} Ne1 {[%clk 0:13:21]} 38. Rc7
{[%clk 0:15:14]} Nxg2 {[%clk 0:11:58]} 39. Kxg2 {[%clk 0:15:28]} Nf6 40. gxh4 1-0

[Event "Open Internacional Sant Marti 2023"]
[Site "?"]
[Date "2023.07.21"]
[Round "9.9"]
[White "Kshatriya, Nitin Vekhande"]
[Black "Dahale, Atul"]
[Result "0-1"]
[BlackElo "2150"]
[WhiteElo "2033"]
[LiveChessVersion "1.4.8"]

1. e4 {[%clk 1:30:58]} c5 {[%clk 1:30:30]} 2. Nf3 {[%clk 1:31:22]} Nc6
{[%clk 1:30:51]} 3. Bb5 {[%clk 1:31:45]} g6 {[%clk 1:31:05]} 4. c3
{[%clk 1:32:08]} Bg7 {[%clk 1:31:27]} 5. d4 {[%clk 1:30:05]} cxd4
{[%clk 1:23:48]} 6. cxd4 {[%clk 1:30:24]} a6 7. Be2 {[%clk 1:08:33]} d6
{[%clk 1:23:32]} 8. O-O {[%clk 1:07:52]} Nf6 {[%clk 1:23:35]} 9. Nc3
{[%clk 1:06:29]} O-O 10. h3 {[%clk 0:58:54]} d5 {[%clk 1:22:05]} 11. e5
{[%clk 0:58:08]} Ne4 {[%clk 1:19:01]} 12. Bd3 {[%clk 0:35:37]} Bf5 13. Be3
{[%clk 0:36:01]} Nxc3 {[%clk 1:15:44]} 14. bxc3 {[%clk 0:36:29]} Bxd3
{[%clk 1:16:05]} 15. Qxd3 Rc8 16. Rab1 {[%clk 0:34:22]} Na5 {[%clk 1:15:58]} 17.
Nd2 {[%clk 0:34:22]} f6 {[%clk 1:04:44]} 18. f4 {[%clk 0:32:06]} Rc6
{[%clk 0:54:14]} 19. Nb3 {[%clk 0:20:53]} Nxb3 {[%clk 0:53:13]} 20. axb3
{[%clk 0:17:12]} Qc7 21. c4 e6 {[%clk 0:43:31]} 22. c5 {[%clk 0:15:52]} a5
{[%clk 0:43:45]} 23. b4 {[%clk 0:14:19]} axb4 {[%clk 0:41:58]} 24. Rxb4 fxe5
{[%clk 0:42:00]} 25. dxe5 {[%clk 0:08:07]} Rb8 26. Rfb1 {[%clk 0:03:05]} Bf8
{[%clk 0:42:10]} 27. Qb3 Bxc5 {[%clk 0:30:58]} 28. Bxc5 {[%clk 0:03:36]} Rxc5
{[%clk 0:31:24]} 29. Rxb7 {[%clk 0:04:01]} Rc1+ {[%clk 0:30:39]} 30. Rxc1
{[%clk 0:01:33]} Qxc1+ {[%clk 0:30:39]} 31. Kh2 {[%clk 0:00:49]} Qxf4+ 32. Kg1
Qd4+ {[%clk 0:28:29]} 33. Kh1 {[%clk 0:01:12]} Qa1+ {[%clk 0:28:36]} 34. Kh2
{[%clk 0:01:25]} Qxe5+ {[%clk 0:28:49]} 35. Kg1 Ra8 {[%clk 0:27:03]} 36. Qc2
{[%clk 0:01:09]} Ra1+ {[%clk 0:25:33]} 37. Rb1 Rxb1+ {[%clk 0:22:57]} 38. Qxb1
{[%clk 0:01:22]} d4 {[%clk 0:22:47]} 39. Qb7 {[%clk 0:01:09]} Qd6
{[%clk 0:22:32]} 40. Qc8+ {[%clk 0:01:03]} Kg7 {[%clk 0:22:40]} 41. Qb7+
{[%clk 0:00:39]} Kh6 {[%clk 0:22:55]} 42. Qa7 {[%clk 0:00:35]} Qf4
{[%clk 0:20:53]} 43. Qd7 e5 {[%clk 0:20:06]} 44. Qd8 {[%clk 0:00:44]} d3
{[%clk 0:19:20]} 45. Kh1 {[%clk 0:00:34]} d2 {[%clk 0:19:25]} 46. h4
{[%clk 0:00:57]} d1=Q+ {[%clk 0:16:45]} 47. Qxd1 {[%clk 0:00:57]} Qxh4+
{[%clk 0:17:11]} 48. Kg1 {[%clk 0:01:44]} Qd4+ 49. Qxd4 {[%clk 0:02:10]} exd4
{[%clk 0:18:04]} 50. Kf2 {[%clk 0:02:34]} Kg5 {[%clk 0:18:29]} 51. Ke2
{[%clk 0:02:59]} Kg4 {[%clk 0:18:53]} 52. Kd3 {[%clk 0:03:23]} Kg3
{[%clk 0:19:19]} 53. Kxd4 {[%clk 0:03:48]} Kxg2 {[%clk 0:19:46]} 0-1

[Event "Open Internacional Sant Marti 2023"]
[Site "?"]
[Date "2023.07.21"]
[Round "9.10"]
[White "Cordoba Roa, Angel Gabriel"]
[Black "Thakur, Akash"]
[Result "1/2-1/2"]
[BlackElo "2193"]
[WhiteElo "2339"]
[LiveChessVersion "1.4.8"]

1. e4 {[%clk 1:30:02]} e5 {[%clk 1:30:50]} 2. Nf3 {[%clk 1:30:28]} Nc6
{[%clk 1:31:14]} 3. Bb5 {[%clk 1:30:54]} Nf6 {[%clk 1:31:08]} 4. d3
{[%clk 1:29:57]} d6 {[%clk 1:29:00]} 5. O-O {[%clk 1:25:06]} a6 6. Ba4
{[%clk 1:25:34]} b5 {[%clk 1:27:43]} 7. Bb3 {[%clk 1:23:39]} Na5 {[%clk 1:23:19]}
8. Nc3 {[%clk 1:13:58]} Be7 {[%clk 1:20:36]} 9. Bd2 {[%clk 1:08:49]} c6 10. Ne2
Nxb3 {[%clk 1:14:38]} 11. axb3 {[%clk 1:09:13]} O-O {[%clk 1:12:23]} 12. b4
{[%clk 0:59:47]} Qc7 {[%clk 1:10:26]} 13. Bc3 {[%clk 0:54:19]} Re8
{[%clk 1:10:34]} 14. Ng3 {[%clk 0:36:15]} Bf8 {[%clk 1:04:46]} 15. Ra5
{[%clk 0:27:38]} d5 {[%clk 0:56:48]} 16. Qe2 {[%clk 0:27:02]} c5 {[%clk 0:55:50]}
17. bxc5 {[%clk 0:25:36]} Bxc5 {[%clk 0:51:08]} 18. Raa1 {[%clk 0:22:40]} b4
{[%clk 0:49:27]} 19. Bd2 {[%clk 0:15:11]} a5 {[%clk 0:46:07]} 20. exd5
{[%clk 0:14:55]} Nxd5 {[%clk 0:38:16]} 21. Rfe1 {[%clk 0:13:02]} Bd7
{[%clk 0:35:46]} 22. Qe4 {[%clk 0:11:26]} Nf6 {[%clk 0:33:25]} 23. Qh4
{[%clk 0:09:26]} Ra6 24. d4 {[%clk 0:09:48]} exd4 {[%clk 0:25:45]} 25. Rxe8+
{[%clk 0:10:10]} Bxe8 {[%clk 0:14:21]} 26. Nxd4 Bxd4 {[%clk 0:12:46]} 27. Qxd4
{[%clk 0:10:33]} Qxc2 {[%clk 0:07:37]} 28. Bxb4 {[%clk 0:09:09]} a4
{[%clk 0:07:16]} 29. Re1 Re6 {[%clk 0:07:45]} 30. Rxe6 {[%clk 0:09:09]} fxe6 31.
h3 {[%clk 0:09:40]} Qc1+ {[%clk 0:07:34]} 32. Kh2 {[%clk 0:09:09]} Qc6
{[%clk 0:05:16]} 33. Bc3 {[%clk 0:08:35]} Qd5 34. Qf4 {[%clk 0:09:03]} Bc6
{[%clk 0:03:48]} 35. f3 {[%clk 0:07:08]} Nd7 {[%clk 0:02:10]} 36. h4
{[%clk 0:07:27]} e5 37. Qg5 {[%clk 0:07:50]} h6 {[%clk 0:01:02]} 38. Qe7
{[%clk 0:03:25]} Qc4 39. Kh3 Qf7 {[%clk 0:00:54]} 40. Qd6 {[%clk 0:03:02]} Qf6
{[%clk 0:01:21]} 41. Qxf6 {[%clk 0:03:01]} gxf6 {[%clk 0:01:45]} 42. h5
{[%clk 0:03:06]} Nb6 {[%clk 0:01:53]} 43. Kh4 Bd7 {[%clk 0:01:10]} 44. Ne4
{[%clk 0:03:05]} Kf7 {[%clk 0:01:10]} 45. g4 Nc4 {[%clk 0:01:34]} 46. Kg3
{[%clk 0:02:15]} Bc6 {[%clk 0:01:35]} 47. Nd2 {[%clk 0:01:47]} Ne3
{[%clk 0:00:31]} 48. Bb4 f5 49. gxf5 {[%clk 0:00:59]} Nxf5+ {[%clk 0:01:00]} 50.
Kf2 {[%clk 0:01:05]} Bd5 {[%clk 0:00:36]} 51. Nf1 {[%clk 0:00:47]} Kf6 52. Ne3
{[%clk 0:01:10]} Nxe3 {[%clk 0:00:35]} 53. Kxe3 1/2-1/2